| 000 | 00000nam##2200000za#4500 |
| 001 | 9.573373 |
| 003 | CaOODSP |
| 005 | 20250129103333 |
| 007 | cr ||||||||||| |
| 008 | 150406|2009||||xxc|||||o f|0| 0 eng|d |
| 040 | |aCaOODSP|beng |
| 043 | |an-cn--- |
| 086 | 1 |aEn57-41/16-2009E-PDF |
| 110 | 2 |aMeteorological Service of Canada. |
| 245 | 10|aFlash back : |h[electronic resource]|ba review of lightning-related damage and disruption literature / |cby Brian Mills ... [et al]. |
| 260 | |aToronto - Ontario : |bEnvironment Canada. |c2009. |
| 300 | |a30p.|breferences, tables |
| 490 | 1 |aOccasional paper|v16 |
| 590 | |a12-12-Supp|b2012-03-28 |
| 720 | 1 |aMills, Brian |
| 775 | 08|tRétrospective : |w(CaOODSP)9.606703 |
| 830 | #0|aOccasional paper (Canada. Industry Canada)|v16|w(CaOODSP)9.506650 |
| 856 | 40|ahttp://publications.gc.ca|qPDF|s210 KB|uhttps://publications.gc.ca/collections/collection_2012/ec/En57-41-16-2009-eng.pdf|y16 |